Review of Purdieanthus and Lehmanniella, two endemic colombian genera of Gentianaceae, and biographical notes on purdie and lehmann (Registro nro. 15638)

Detalles MARC
000 -CABECERA
Campo de control 003620000a22001090004500
090 ## - CLASIFICACIÓN LOCAL
Colección As
Consecutivo Seriadas
041 0# - IDIOMA
Código de idioma para texto/pista de sonido o título separado
100 1# - ASIENTO PRINCIPAL--NOMBRE PERSONAL
Nombre personal Ewan, Joseph
245 10 - MENCION DE TITULO
Título Review of Purdieanthus and Lehmanniella, two endemic colombian genera of Gentianaceae, and biographical notes on purdie and lehmann
773 1# - Item fuente:
Título Caldasia
Descripción física 21
Paginas del Articulo 85-98
Lugar, editorial y fecha de publicación 1948
Información sobre la relación 5
942 ## - ELEMENTOS ADICIONALES (KOHA)
Tipo de ítem Artículo

No hay ítems disponibles.